| 000 | 00606nam a2200229Ia 4500 | ||
|---|---|---|---|
| 008 | 210210b2019 xxu||||| |||| 00| 0 eng d | ||
| 020 | _a9788131610640 | ||
| 041 | _aeng | ||
| 082 | _a352.63 SRIB | ||
| 100 | _aSRINIVASRAO (Mouneshwara) | ||
| 245 | _aBureaucracy and development administration: a case study of Karnataka | ||
| 260 |
_aJaipur _bRawat Publications _c2019 |
||
| 300 | _axii,194 | ||
| 650 | _astudy | ||
| 650 | _aKarnataka | ||
| 650 | _adevelopment | ||
| 650 | _acase | ||
| 650 | _aBureaucracy | ||
| 650 | _aadministration: | ||
| 690 | _aPublic Administration | ||
| 906 | _a074175 | ||
| 999 |
_c123975 _d123975 |
||